[Event "Leiden op-B 12th"]
[Site "Leiden"]
[Date "2018.07.21"]
[Round "8"]
[White "Koes, Richard"]
[Black "Cchung, Chi Yun"]
[Result "1-0"]
[WhiteElo "1762"]
[BlackElo "1791"]
[PlyCount "79"]
[EventDate "2018.07.13"]
[EventType "swiss"]
[EventRounds "9"]
[EventCountry "NED"]
[SourceTitle "EXT 2019"]
[Source "ChessBase"]
[SourceDate "2018.10.10"]
[SourceVersion "1"]
[SourceVersionDate "2018.10.10"]
[SourceQuality "1"]

1. Nc3 d5 2. e4 d4 3. Nce2 e5 4. Ng3 Be6 5. Nf3 f6 6. Bb5+ c6 7. Be2 Ne7 8. 0-0 Ng6 9. d3 Qd7 10. c3 c5 11. cxd4 cxd4 12. Nh5 Nc6 13. Ne1 Qf7 14. f4 exf4 15. Nxf4 Bxa2 16. Bg4 Bb3 17. Qe2 Nxf4 18. Bxf4 Be6 19. Bh5 g6 20. Bf3 Bg7 21. Bd6 Qd7 22. Ba3 Ne7 23. Nc2 0-0 24. Rac1 Rfd8 25. Kh1 Nc6 26. Qf2 Rac8 27. Nb4 Ne5 28. Be2 a5 29. Nd5 Bxd5 30. exd5 Rxc1 31. Rxc1 Qxd5 32. Rc7 f5 33. Qh4 Re8 34. Be7 Ng4 35. Bxg4 fxg4 36. Bf6 Bxf6 37. Qxh7+ Kf8 38. Qh6+ Kg8 39. Qxg6+ Kf8 40. Qxf6+ 1-0

[Event "Leiden op-B 12th"]
[Site "Leiden"]
[Date "2018.07.20"]
[Round "7"]
[White "Cchung, Chi Yun"]
[Black "Salomons, Quinten"]
[Result "1-0"]
[WhiteElo "1791"]
[BlackElo "1677"]
[PlyCount "65"]
[EventDate "2018.07.13"]
[EventType "swiss"]
[EventRounds "9"]
[EventCountry "NED"]
[SourceTitle "EXT 2019"]
[Source "ChessBase"]
[SourceDate "2018.10.10"]
[SourceVersion "1"]
[SourceVersionDate "2018.10.10"]
[SourceQuality "1"]

1. e4 d6 2. d4 Nf6 3. Nc3 g6 4. f4 c5 5. dxc5 Qa5 6. cxd6 Nxe4 7. Qd5 Nc5 8. Bb5+ Bd7 9. Qxc5 Nc6 10. Qf2 Bg7 11. Bd2 0-0 12. Bxc6 Bxc6 13. Nf3 exd6 14. 0-0 Qf5 15. Rac1 b5 16. Nd4 Qd7 17. f5 Rfe8 18. f6 Bf8 19. Qh4 d5 20. Rce1 Bc5 21. Kh1 b4 22. Nd1 Re4 23. Rxe4 dxe4 24. Nb3 Bf8 25. Bh6 Bd6 26. Ne3 Bb5 27. Rd1 Qc7 28. Nf5 Rd8 29. Nbd4 Bd7 30. Rf1 Qc4 31. Re1 Qc5 32. Ne7+ Bxe7 33. fxe7 1-0

[Event "NED-ch U16"]
[Site "Assen"]
[Date "2018.05.04"]
[Round "6"]
[White "Cchung, Chi Yun"]
[Black "Bruggink, Tycho"]
[Result "1/2-1/2"]
[WhiteElo "1783"]
[BlackElo "1899"]
[PlyCount "49"]
[EventDate "2018.04.29"]
[EventType "swiss"]
[EventRounds "7"]
[EventCountry "NED"]
[SourceTitle "CBM 184 Extra"]
[Source "ChessBase"]
[SourceDate "2018.06.28"]
[SourceVersion "1"]
[SourceVersionDate "2018.06.28"]
[SourceQuality "1"]

1. e4 c5 2. Nf3 d6 3. d4 cxd4 4. Nxd4 Nf6 5. Nc3 a6 6. Bg5 Qc7 7. Bxf6 gxf6 8. Nd5 Qd8 9. Qf3 Nc6 10. 0-0-0 Bd7 11. Bc4 Ne5 12. Qb3 Nxc4 13. Qxc4 Rc8 14. Qb3 b5 15. Rd3 e6 16. Nc3 Qb6 17. a3 Rc4 18. Rhd1 Rg8 19. g3 Rg5 20. f4 Rgc5 21. Nf3 Rc8 22. Rd4 Qa5 23. R4d3 b4 24. Nd2 R4c7 25. Qxb4 1/2-1/2